[Event "Hamburg Harburg-ch Gr.D 5th"]
[Site "Hamburg"]
[Date "2007.07.06"]
[Round "1.3"]
[White "Hagenlueke, Thomas"]
[Black "Undritz, Bjoern"]
[Result "1/2-1/2"]
[WhiteElo "1872"]
[BlackElo "1765"]
[PlyCount "129"]
[EventDate "2007.07.08"]

1. e4 Nf6 2. Nc3 d5 3. e5 Nfd7 4. e6 fxe6 5. d4 c5 6. Nf3 Nc6 7. Bb5 g6 8. h4
Bg7 9. Be3 cxd4 10. Nxd4 Bxd4 11. Bxd4 e5 12. Bxc6 bxc6 13. h5 Rg8 14. hxg6
hxg6 15. Be3 d4 16. Bxd4 exd4 17. Qxd4 Nf6 18. Qc4 Qd6 19. Kf1 Be6 20. Qe2 Bd5
21. Nxd5 Qxd5 22. Re1 Qb5 23. c4 Qb7 24. Qe6 Kf8 25. Rh3 Qd7 26. Qe2 Re8 27.
Kg1 e5 28. Qf3 Kg7 29. Qg3 Qf5 30. Qe3 Re7 31. Qh6+ Kf7 32. Rf3 Qh5 33. Qe3 Kg7
34. Rh3 Ng4 35. Qf3 Qf5 36. Qe2 Rf8 37. Rf3 Qh5 38. Rh3 Qg5 39. Rg3 Rxf2 40.
Qxg4 Qxg4 41. Rxg4 Rxb2 42. Rge4 Rxa2 43. Rxe5 Rxe5 44. Rxe5 Kf6 45. Rc5 Ra6
46. Kf2 Ke6 47. Ke3 Ra3+ 48. Kf2 Ra6 49. Ke3 Ra3+ 50. Kf2 Kd6 51. Rg5 Rc3 52.
Rxg6+ Kc5 53. Rg5+ Kxc4 54. Ra5 c5 55. Rxa7 Rc2+ 56. Kf3 Kb3 57. g4 c4 58. g5
Rc1 59. Kf4 c3 60. g6 c2 61. Rc7 Rf1+ 62. Kg5 c1=Q+ 63. Rxc1 Rxc1 64. g7 Kc3
65. Kf6 1/2-1/2

[Event "Hamburg Harburg-ch Gr.D 5th"]
[Site "Hamburg"]
[Date "2007.07.07"]
[Round "2.1"]
[White "Marx, Joschka"]
[Black "Undritz, Bjoern"]
[Result "1-0"]
[WhiteElo "1873"]
[BlackElo "1765"]
[PlyCount "51"]
[EventDate "2007.07.08"]

1. e4 c5 2. Nf3 Nc6 3. Bb5 g6 4. O-O Bg7 5. Nc3 a6 6. Bxc6 bxc6 7. d4 cxd4 8.
Nxd4 e5 9. Nf3 Qc7 10. Qd3 Nf6 11. Be3 Bb7 12. Bc5 d5 13. Rfe1 O-O-O 14. exd5
cxd5 15. Na4 e4 16. Qd4 Nh5 17. Qb4 exf3 18. Re7 Qc6 19. Ba7 Rde8 20. Nb6+ Kd8
21. Rxb7 Bf8 22. Rb8+ Kc7 23. Nxd5+ Qxd5 24. Qb6+ Kd7 25. Rb7+ Qxb7 26. Qxb7+
1-0

[Event "Hamburg Harburg-ch Gr.D 5th"]
[Site "Hamburg"]
[Date "2007.07.07"]
[Round "2.2"]
[White "Ma, Beini"]
[Black "Hagenlueke, Thomas"]
[Result "0-1"]
[WhiteElo "1994"]
[BlackElo "1872"]
[PlyCount "54"]
[EventDate "2007.07.08"]

1. e4 c5 2. Nf3 Nc6 3. d4 cxd4 4. Nxd4 Nf6 5. Nc3 e5 6. Ndb5 d6 7. Bg5 a6 8.
Na3 b5 9. Nd5 Be7 10. Bxf6 Bxf6 11. c3 Ne7 12. Nc2 Nxd5 13. Qxd5 Rb8 14. Nb4
Bb7 15. Qd3 O-O 16. a4 bxa4 17. Rxa4 Bg5 18. Ra2 f5 19. exf5 e4 20. Qd4 Rxf5
21. Bxa6 e3 22. O-O exf2+ 23. Rxf2 Qe7 24. Bc4+ d5 25. Nxd5 Qe1+ 26. Rf1 Rxf1+
27. Bxf1 Rf8 0-1

[Event "Hamburg Harburg-ch Gr.D 5th"]
[Site "Hamburg"]
[Date "2007.07.07"]
[Round "2.3"]
[White "Lehmkuhl, Stefan"]
[Black "Voigt, Detlev"]
[Result "0-1"]
[WhiteElo "1998"]
[BlackElo "1895"]
[PlyCount "54"]
[EventDate "2007.07.08"]

1. d4 g6 2. c3 d5 3. Bg5 Bg7 4. e3 Nf6 5. Nd2 O-O 6. Be2 b6 7. Rc1 Bb7 8. h3 c5
9. Ngf3 Nc6 10. O-O Re8 11. Re1 a6 12. Bd3 e5 13. dxe5 Nxe5 14. Nxe5 Rxe5 15.
Bh4 Qd7 16. Be2 Rae8 17. Qc2 d4 18. Nc4 R5e6 19. Red1 b5 20. Na5 Be4 21. Qb3 d3
22. c4 Qc7 23. Bxd3 Qxa5 24. cxb5 Bxd3 25. Qxd3 axb5 26. Rxc5 Qb4 27. Bxf6 Qxc5
0-1

[Event "Hamburg Harburg-ch Gr.D 5th"]
[Site "Hamburg"]
[Date "2007.07.07"]
[Round "3.1"]
[White "Voigt, Detlev"]
[Black "Marx, Joschka"]
[Result "1-0"]
[WhiteElo "1895"]
[BlackElo "1873"]
[PlyCount "54"]
[EventDate "2007.07.08"]

1. d4 Nf6 2. g3 g6 3. Bg2 Bg7 4. Nf3 O-O 5. O-O d6 6. c4 c6 7. Nc3 Qc7 8. b3 e5
9. Bb2 Nbd7 10. e3 a6 11. Rc1 Re8 12. Qc2 Nf8 13. dxe5 dxe5 14. h3 Ne6 15. Nxe5
Nc5 16. f4 Nh5 17. Ne2 f6 18. Nxg6 hxg6 19. Qxg6 Rxe3 20. Qxh5 Qe7 21. Ba3 f5
22. Rc2 Bd7 23. Kh2 Re8 24. Ng1 Qd6 25. Rd1 Qe7 26. Bxc5 Qxc5 27. Rxd7 Re1 1-0

[Event "Hamburg Harburg-ch Gr.D 5th"]
[Site "Hamburg"]
[Date "2007.07.07"]
[Round "3.2"]
[White "Hagenlueke, Thomas"]
[Black "Lehmkuhl, Stefan"]
[Result "1/2-1/2"]
[WhiteElo "1872"]
[BlackElo "1998"]
[PlyCount "41"]
[EventDate "2007.07.08"]

1. e4 Nf6 2. e5 Nd5 3. d4 d6 4. Nf3 Bg4 5. Be2 c6 6. O-O Bxf3 7. Bxf3 dxe5 8.
dxe5 e6 9. c4 Ne7 10. Qxd8+ Kxd8 11. Be4 Nd7 12. f4 Kc7 13. Be3 g6 14. Nc3 Nf5
15. Bxf5 gxf5 16. a3 Nb6 17. Bxb6+ Kxb6 18. b4 Be7 19. Rad1 Rhd8 20. Na4+ Kc7
21. c5 1/2-1/2

[Event "Hamburg Harburg-ch Gr.E 5th"]
[Site "Hamburg"]
[Date "2007.07.06"]
[Round "1.1"]
[White "Lochmann, Viktor"]
[Black "Schwarzat, Julian"]
[Result "0-1"]
[WhiteElo "1924"]
[BlackElo "1914"]
[PlyCount "70"]
[EventDate "2007.07.08"]

1. e4 e6 2. d4 d5 3. Bd3 dxe4 4. Bxe4 Nf6 5. Bf3 c5 6. Ne2 Nc6 7. Be3 Qb6 8. b3
cxd4 9. Nxd4 Bc5 10. Nxc6 Bxe3 11. fxe3 bxc6 12. Qd4 c5 13. Qe5 Bb7 14. O-O
Bxf3 15. Rxf3 O-O 16. c4 Rad8 17. Nc3 Qd6 18. Qg5 h6 19. Qh4 Qe5 20. Rc1 Rd3
21. e4 Rfd8 22. Rxd3 Rxd3 23. Qe1 Ng4 24. Nd1 Qxh2+ 25. Kf1 Qf4+ 26. Nf2 Nxf2
27. Kg1 Qxc1 28. Qxc1 Rd1+ 29. Qxd1 Nxd1 30. e5 Nc3 31. a3 Nb1 32. b4 Nxa3 33.
bxc5 Nxc4 34. c6 Nb6 35. Kf2 Kf8 0-1

[Event "Hamburg Harburg-ch Gr.E 5th"]
[Site "Hamburg"]
[Date "2007.07.06"]
[Round "1.2"]
[White "Gramenz, Jens"]
[Black "Pfeiffer, Daniel"]
[Result "1/2-1/2"]
[WhiteElo "1877"]
[BlackElo "1726"]
[PlyCount "102"]
[EventDate "2007.07.08"]

1. e4 c5 2. Nc3 Nc6 3. f4 g6 4. Bb5 Bg7 5. Nf3 e6 6. Bxc6 bxc6 7. d3 d5 8. O-O
Ne7 9. Qe1 Ba6 10. Bd2 c4 11. d4 O-O 12. e5 Rb8 13. Rb1 Qc7 14. Rf2 Bb5 15. a4
Ba6 16. Ne2 Rfd8 17. Ba5 Rb6 18. b4 Qb8 19. c3 Rc8 20. Bxb6 axb6 21. b5 cxb5
22. axb5 Bb7 23. Ra1 Qc7 24. Qb1 Ra8 25. Rxa8+ Bxa8 26. Nc1 Nc8 27. Ra2 Bb7 28.
Ra4 Qd7 29. Na2 Bf8 30. Kf2 Be7 31. g3 Bd8 32. Ne1 Bc7 33. Nc2 Bb8 34. Na3 Na7
35. Rb4 Kg7 36. Kf3 Kg8 37. h4 Kg7 38. Nc1 f6 39. exf6+ Kxf6 40. g4 Nc8 41. g5+
Kg7 42. Ne2 Nd6 43. Ng3 Qf7 44. Qc1 Nf5 45. Kg4 h5+ 46. gxh6+ Nxh6+ 47. Kf3 Nf5
48. Nxf5+ Qxf5 49. Qe3 Qh3+ 50. Ke2 Qg2+ 51. Qf2 Qe4+ 1/2-1/2

[Event "Hamburg Harburg-ch Gr.E 5th"]
[Site "Hamburg"]
[Date "2007.07.06"]
[Round "1.3"]
[White "Wilms, Robert"]
[Black "Willner, Thomas"]
[Result "1-0"]
[WhiteElo "1808"]
[BlackElo "1807"]
[PlyCount "93"]
[EventDate "2007.07.08"]

1. e4 d5 2. exd5 Qxd5 3. Nc3 Qa5 4. d4 e5 5. Nf3 Bb4 6. Bd2 exd4 7. Qe2+ Ne7 8.
Nxd4 O-O 9. a3 Bd6 10. Ncb5 Qb6 11. O-O-O Nf5 12. Nxf5 Bxf5 13. Nxd6 cxd6 14.
Bb4 a5 15. Bc3 Na6 16. Qf3 Bg6 17. Bxa6 Qxa6 18. Qd5 b5 19. Qxd6 Qxd6 20. Rxd6
b4 21. Bd4 Rfc8 22. c3 bxa3 23. bxa3 Rab8 24. Rb6 Rxb6 25. Bxb6 Rxc3+ 26. Kb2
Rc2+ 27. Kb3 Re2 28. Rc1 h6 29. Be3 Be4 30. g3 a4+ 31. Kxa4 Rb2 32. h4 Bc2+ 33.
Ka5 Ra2 34. Kb4 Kf8 35. Bc5+ Ke8 36. Re1+ Kd8 37. Bd4 g6 38. Re2 Bb1 39. Bb2
Kc8 40. Kb3 h5 41. Re1 Rxb2+ 42. Kxb2 Bf5 43. Kc3 Kb8 44. Kd4 Kc8 45. Ke5 Be6
46. Kf6 Ba2 47. Re7 1-0

[Event "Hamburg Harburg-ch Gr.E 5th"]
[Site "Hamburg"]
[Date "2007.07.07"]
[Round "2.1"]
[White "Schwarzat, Julian"]
[Black "Willner, Thomas"]
[Result "1/2-1/2"]
[WhiteElo "1914"]
[BlackElo "1807"]
[PlyCount "104"]
[EventDate "2007.07.08"]

1. e4 e5 2. Nf3 Nc6 3. d4 exd4 4. Nxd4 Qh4 5. Nc3 Bb4 6. Ndb5 Ba5 7. Bd3 a6 8.
Na3 b5 9. Nab1 Nf6 10. O-O O-O 11. Qf3 Ne5 12. Qf4 Qxf4 13. Bxf4 d6 14. Bg5
Ned7 15. a3 Bb7 16. Be3 Rfe8 17. b4 Bb6 18. Bxb6 Nxb6 19. Nd2 Re7 20. Rfe1 Rae8
21. f3 d5 22. Kf2 dxe4 23. Ncxe4 Nxe4+ 24. Nxe4 Na4 25. g4 Re5 26. Re2 Bxe4 27.
Rxe4 Nc3 28. Rxe5 Rxe5 29. f4 Re6 30. Rg1 h6 31. f5 Re5 32. h3 c5 33. bxc5 Rxc5
34. Re1 Kf8 35. Kf3 Rc7 36. Re5 Rc6 37. Re1 Rd6 38. Ke3 Nd5+ 39. Kd2 Rd7 40.
Re4 Nb6 41. Kc3 Na4+ 42. Kd2 Nc5 43. Re3 Re7 44. Rxe7 Kxe7 45. c4 bxc4 46. Bxc4
f6 47. Kc3 Kd6 48. Kb4 Kc6 49. Ka5 Kb7 50. a4 Ka7 51. Bd5 Nd3 52. Bc4 Nc5
1/2-1/2

[Event "Hamburg Harburg-ch Gr.E 5th"]
[Site "Hamburg"]
[Date "2007.07.07"]
[Round "2.2"]
[White "Pfeiffer, Daniel"]
[Black "Wilms, Robert"]
[Result "1/2-1/2"]
[WhiteElo "1726"]
[BlackElo "1808"]
[PlyCount "41"]
[EventDate "2007.07.08"]

1. e4 e6 2. d4 d5 3. Nc3 Bb4 4. e5 c5 5. Bd2 Bxc3 6. bxc3 Ne7 7. f4 c4 8. Nf3
Nbc6 9. Be2 Nf5 10. O-O h5 11. Ng5 g6 12. Qe1 b6 13. Qf2 Bb7 14. a4 Qd7 15.
Rfb1 Kf8 16. Bc1 Kg7 17. Ba3 Nce7 18. Bb4 Bc6 19. a5 b5 20. h4 a6 21. g3
1/2-1/2

[Event "Hamburg Harburg-ch Gr.E 5th"]
[Site "Hamburg"]
[Date "2007.07.07"]
[Round "2.3"]
[White "Lochmann, Viktor"]
[Black "Gramenz, Jens"]
[Result "1/2-1/2"]
[WhiteElo "1924"]
[BlackElo "1877"]
[PlyCount "115"]
[EventDate "2007.07.08"]

1. e4 c5 2. Nc3 Nc6 3. f4 g6 4. Nf3 Bg7 5. d3 d6 6. h3 a6 7. Ne2 Nf6 8. g4 d5
9. e5 Nd7 10. c3 e6 11. Ng3 b5 12. d4 b4 13. f5 gxf5 14. gxf5 Ndxe5 15. dxe5
Nxe5 16. Bg5 Nxf3+ 17. Qxf3 Qxg5 18. Rg1 bxc3 19. bxc3 Rg8 20. Rg2 Be5 21. Ne2
Qh4+ 22. Kd2 Rxg2 23. Qxg2 Rb8 24. a4 h6 25. fxe6 Bxe6 26. Ra2 Bf4+ 27. Nxf4
Qxf4+ 28. Kc2 Bf5+ 29. Bd3 Bxd3+ 30. Kxd3 Qc4+ 31. Ke3 d4+ 32. Kf4 dxc3+ 33.
Qe4+ Qxe4+ 34. Kxe4 Rb4+ 35. Kd3 Rh4 36. Kxc3 Rxh3+ 37. Kc4 Rh5 38. a5 Re5 39.
Rb2 h5 40. Rb6 Re6 41. Rb8+ Kd7 42. Rh8 Kd6 43. Rxh5 Re4+ 44. Kb3 Kc6 45. Rf5
Kb5 46. Rxf7 Re3+ 47. Kc2 Kxa5 48. Rb7 Re4 49. Kc3 Rb4 50. Rc7 Kb6 51. Rc8 a5
52. Rh8 Rg4 53. Rb8+ Kc6 54. Ra8 a4 55. Ra5 Kd5 56. Kc2 Rb4 57. Ra8 Kc4 58. Ra5
1/2-1/2

[Event "Hamburg Harburg-ch Gr.E 5th"]
[Site "Hamburg"]
[Date "2007.07.07"]
[Round "3.2"]
[White "Wilms, Robert"]
[Black "Lochmann, Viktor"]
[Result "1-0"]
[WhiteElo "1808"]
[BlackElo "1924"]
[PlyCount "67"]
[EventDate "2007.07.08"]

1. e4 c6 2. d4 d5 3. e5 Bf5 4. Bd3 Bxd3 5. Qxd3 e6 6. Ne2 Qa5+ 7. c3 Nd7 8. O-O
c5 9. Nd2 c4 10. Qg3 Ne7 11. Re1 g6 12. f4 h5 13. Qf2 Nf5 14. Nf3 Be7 15. Ng3
Nh6 16. Qc2 h4 17. Ne2 Nf5 18. Bd2 Nf8 19. b4 Qd8 20. a4 b6 21. b5 Nh7 22. a5
O-O 23. a6 g5 24. fxg5 Nxg5 25. Nxg5 Bxg5 26. Nf4 Kh8 27. Qd1 Rg8 28. Qh5+ Nh6
29. Ra2 Rg7 30. Bc1 Rh7 31. Nxe6 fxe6 32. Bxg5 Qf8 33. Bf6+ Kg8 34. Qg6+ 1-0

[Event "Hamburg Harburg-ch Gr.E 5th"]
[Site "Hamburg"]
[Date "2007.07.07"]
[Round "3.3"]
[White "Willner, Thomas"]
[Black "Pfeiffer, Daniel"]
[Result "1/2-1/2"]
[WhiteElo "1807"]
[BlackElo "1726"]
[PlyCount "79"]
[EventDate "2007.07.08"]

1. e4 c5 2. Nf3 d6 3. c3 Nf6 4. Be2 Nbd7 5. Qa4 a6 6. O-O e6 7. Re1 Be7 8. e5
Nd5 9. d4 N5b6 10. Qc2 cxd4 11. cxd4 Nd5 12. a3 O-O 13. Bd3 h6 14. Re4 dxe5 15.
dxe5 Nc5 16. Rd4 Nxd3 17. Rxd3 Qc7 18. Qxc7 Nxc7 19. Nc3 b5 20. Be3 Rb8 21. b4
Na8 22. Ne4 Nb6 23. Bxb6 Rxb6 24. Nd6 Bxd6 25. exd6 Bb7 26. Ne5 Rd8 27. Rad1
Bd5 28. d7 f6 29. Ng6 Rxd7 30. Nf4 Rbd6 31. Kf1 g5 32. Nxd5 Rxd5 33. Ke2 Kf7
34. g4 Rxd3 35. Rxd3 Rxd3 36. Kxd3 Ke7 37. Ke4 Kd6 38. h3 Kc6 39. Kd4 Kd6 40.
Ke4 1/2-1/2

[Event "Hamburg Harburg-ch Gr.F 5th"]
[Site "Hamburg"]
[Date "2007.07.06"]
[Round "1.2"]
[White "Schoknecht, Sabine"]
[Black "Raedisch, Peter"]
[Result "1/2-1/2"]
[WhiteElo "1757"]
[BlackElo "1773"]
[PlyCount "87"]
[EventDate "2007.07.08"]

1. d4 d5 2. g3 Bf5 3. Bg2 e6 4. c3 Nf6 5. Bf4 h6 6. Qb3 Bxb1 7. Qxb7 Nbd7 8.
Rxb1 Bd6 9. e3 O-O 10. Qb3 Bxf4 11. exf4 c5 12. Qd1 c4 13. b3 Qa5 14. Qc2 cxb3
15. axb3 Rfc8 16. Ne2 Rc7 17. O-O Rac8 18. Rfe1 Qb5 19. Ra1 Rb8 20. Ra3 Qb4 21.
Rea1 Qb6 22. Qd3 a5 23. c4 dxc4 24. bxc4 Ra7 25. Nc3 Rd8 26. Nb5 Ra6 27. Qc3
Rc8 28. Rxa5 Rxa5 29. Rxa5 Nf8 30. c5 Qd8 31. Qa1 Nd5 32. Nd6 Rb8 33. Bxd5 exd5
34. Qa2 Ne6 35. Ra7 Qf6 36. Ra8 Qd8 37. Rxb8 Qxb8 38. Qxd5 Qb2 39. Qa8+ Kh7 40.
Nxf7 Qxd4 41. f5 Qd1+ 42. Kg2 Nf4+ 43. gxf4 Qg4+ 44. Kf1 1/2-1/2

[Event "Hamburg Harburg-ch Gr.F 5th"]
[Site "Hamburg"]
[Date "2007.07.06"]
[Round "1.3"]
[White "Kohlscheen, Jens"]
[Black "Tavassoli, Bijan"]
[Result "1-0"]
[WhiteElo "1676"]
[BlackElo "1799"]
[PlyCount "86"]
[EventDate "2007.07.08"]

1. d4 d5 2. c4 e6 3. g3 Nf6 4. Bg2 c6 5. Qc2 Bb4+ 6. Bd2 Qa5 7. a3 Bxd2+ 8.
Nxd2 O-O 9. b4 Qc7 10. Ngf3 Nbd7 11. O-O e5 12. cxd5 Nxd5 13. Nxe5 Nxe5 14.
Bxd5 Qd7 15. Be4 Qxd4 16. Bxh7+ Kh8 17. Be4 Re8 18. e3 Qd8 19. Rfd1 Qf6 20. Bg2
Ng4 21. Nf3 Bf5 22. Qe2 Rac8 23. h3 Ne5 24. Nxe5 Rxe5 25. Rac1 Re6 26. Rc5 g6
27. g4 Be4 28. f3 Bd5 29. e4 Bb3 30. Rd2 Rd6 31. Rxd6 Qxd6 32. Qb2+ Kg8 33.
Qxb3 Rd8 34. Rc3 Qe5 35. Rd3 Qa1+ 36. Kf2 Rc8 37. Rd7 Qf6 38. f4 c5 39. g5
Qxf4+ 40. Qf3 Qh4+ 41. Ke2 Qh7 42. bxc5 Rxc5 43. Rd8+ Kg7 1-0

[Event "Hamburg Harburg-ch Gr.F 5th"]
[Site "Hamburg"]
[Date "2007.07.07"]
[Round "2.1"]
[White "Draeger, Klaus"]
[Black "Tavassoli, Bijan"]
[Result "1-0"]
[WhiteElo "1852"]
[BlackElo "1799"]
[PlyCount "115"]
[EventDate "2007.07.08"]

1. e4 e5 2. d4 exd4 3. c3 dxc3 4. Bc4 cxb2 5. Bxb2 Nf6 6. e5 Qe7 7. Qe2 Ng8 8.
Nc3 Nh6 9. Nf3 b6 10. O-O Bb7 11. Nb5 Na6 12. Rfe1 Nf5 13. Ba3 d6 14. exd6 Qxe2
15. Rxe2+ Kd8 16. dxc7+ Nxc7 17. Rd1+ Kc8 18. Bxf8 Rxf8 19. Ng5 Nxb5 20. Bxb5
f6 21. Rc2+ Kb8 22. Ne6 Rc8 23. Rxc8+ Bxc8 24. Rd8 Kb7 25. Bd3 Ne7 26. Be4+ Nc6
27. Nd4 Kc7 28. Bxc6 Kxd8 29. Bxa8 Ba6 30. Ne6+ Kd7 31. Nxg7 Bc4 32. a3 a5 33.
Nh5 Ke7 34. a4 b5 35. axb5 Bxb5 36. Bd5 a4 37. Nf4 a3 38. f3 Be8 39. Nd3 Bf7
40. Bxf7 Kxf7 41. Nc1 Ke6 42. Kf2 Kd5 43. Ke3 Ke5 44. g3 f5 45. Nd3+ Kd5 46.
Nb4+ Kc4 47. Nc2 a2 48. Kd2 Kb3 49. g4 f4 50. Kd3 h6 51. h4 Kb2 52. g5 hxg5 53.
hxg5 Kc1 54. g6 Kb1 55. g7 Kc1 56. g8=Q Kb2 57. Qg7+ Kb3 58. Qc3+ 1-0

[Event "Hamburg Harburg-ch Gr.F 5th"]
[Site "Hamburg"]
[Date "2007.07.07"]
[Round "2.2"]
[White "Raedisch, Peter"]
[Black "Kohlscheen, Jens"]
[Result "0-1"]
[WhiteElo "1773"]
[BlackElo "1676"]
[PlyCount "120"]
[EventDate "2007.07.08"]

1. e4 c5 2. Bc4 Nc6 3. c3 Nf6 4. Qe2 d6 5. f4 Qc7 6. Nf3 a6 7. a3 b5 8. Bb3 e6
9. e5 dxe5 10. fxe5 Nd7 11. d4 cxd4 12. Bf4 Bc5 13. Nbd2 dxc3 14. bxc3 Bb7 15.
Ne4 Na5 16. Bc2 Bxe4 17. Qxe4 Rc8 18. Bd2 Nc4 19. Bf4 Bb6 20. Nd4 Qc5 21. O-O
Ncxe5 22. Bxe5 Qxe5 23. Qf3 Nf6 24. Kh1 O-O 25. Qd3 g6 26. Rae1 Qg5 27. Rf3 Nh5
28. Ref1 Bxd4 29. Qxd4 Rcd8 30. Qe4 Rd2 31. g3 Qd5 32. g4 Ng7 33. h4 f5 34.
Qxd5 Rxd5 35. Bb3 Rc5 36. Rd1 fxg4 37. Rxf8+ Kxf8 38. Rd6 Rxc3 39. Bxe6 Nxe6
40. Rxe6 Rxa3 41. Kg2 Kf7 42. Rb6 Ra4 43. Kg3 h5 44. Rc6 a5 45. Rb6 Ra3+ 46.
Kf4 Rf3+ 47. Kg5 Rf5+ 48. Kh6 a4 49. Rb7+ Ke6 50. Kxg6 Rd5 51. Rb6+ Kd7 52. Kf7
a3 53. Rb7+ Kc6 54. Rb8 Rd7+ 55. Ke6 Rb7 56. Rh8 b4 57. Rxh5 a2 58. Ra5 b3 59.
h5 b2 60. h6 b1=Q 0-1

[Event "Hamburg Harburg-ch Gr.F 5th"]
[Site "Hamburg"]
[Date "2007.07.07"]
[Round "2.3"]
[White "Klausch, Uwe"]
[Black "Schoknecht, Sabine"]
[Result "1-0"]
[WhiteElo "1650"]
[BlackElo "1757"]
[PlyCount "69"]
[EventDate "2007.07.08"]

1. e4 c6 2. d4 d5 3. Nc3 dxe4 4. Nxe4 Bf5 5. Ng3 e6 6. Nxf5 exf5 7. Nf3 Nd7 8.
Be2 Ngf6 9. O-O Bd6 10. Bd3 g6 11. Re1+ Be7 12. Qe2 h6 13. Bf4 Kf8 14. c4 Bb4
15. Nd2 g5 16. a3 gxf4 17. axb4 Nb6 18. Nf3 Qd7 19. Qc2 Ne4 20. Bxe4 fxe4 21.
Rxe4 Qg4 22. h3 Qh5 23. Rxf4 Rg8 24. Kh2 Nd7 25. Rh4 Qg6 26. Qxg6 Rxg6 27. Re1
Nf6 28. Ne5 Rg5 29. Rxh6 Kg7 30. Rh4 Rg8 31. Rf4 Rh8 32. Re3 Rh6 33. Rg3 Rxg3
34. fxg3 Kf8 35. Rxf6 1-0

[Event "Hamburg Harburg-ch Gr.F 5th"]
[Site "Hamburg"]
[Date "2007.07.07"]
[Round "3.1"]
[White "Schoknecht, Sabine"]
[Black "Draeger, Klaus"]
[Result "0-1"]
[WhiteElo "1757"]
[BlackElo "1852"]
[PlyCount "52"]
[EventDate "2007.07.08"]

1. d4 c5 2. Nf3 Nf6 3. c3 cxd4 4. cxd4 e6 5. g3 d5 6. Bg2 Bd6 7. O-O Qb6 8.
Nbd2 Bd7 9. Re1 Nc6 10. e3 O-O 11. a3 Na5 12. Ne5 Rac8 13. h4 Nc4 14. Ndxc4
dxc4 15. Nxd7 Nxd7 16. Bh3 Nf6 17. e4 Be7 18. Qd2 Rcd8 19. Qc2 Qxd4 20. Be3
Qxe4 21. Qxe4 Nxe4 22. Bxa7 Nc5 23. Rac1 Nd3 24. Bf1 Nxe1 25. Rxe1 b5 26. Bg2
Rd2 0-1

[Event "Hamburg Harburg-ch Gr.G 5th"]
[Site "Hamburg"]
[Date "2007.07.06"]
[Round "1.1"]
[White "Juergens, Florian"]
[Black "Dinse, Michael"]
[Result "1/2-1/2"]
[WhiteElo "1854"]
[BlackElo "1624"]
[PlyCount "89"]
[EventDate "2007.07.08"]
[Source "SK Marmstorf"]
[SourceDate "2007.01.01"]

1. e4 e6 2. d4 b6 3. Bd3 Bb7 4. Ne2 c5 5. c3 Nf6 6. Bf4 Bxe4 7. Ng3 Bxd3 8.
Qxd3 cxd4 9. Qxd4 Bc5 10. Qd3 d5 11. b4 Be7 12. Na3 a6 13. O-O Nbd7 14. Rfe1 b5
15. Nc2 Nb6 16. Nd4 Rc8 17. a4 Nxa4 18. Rxa4 bxa4 19. Qxa6 Rxc3 20. Qxa4+ Qd7
21. Qa8+ Rc8 22. Qa6 O-O 23. b5 Rc4 24. Be3 Ng4 25. Nc6 Nxe3 26. fxe3 Bf6 27.
Nh5 Rc8 28. Nxf6+ gxf6 29. Qxc8+ Qxc8 30. Ne7+ Kf8 31. Nxc8 Rxc8 32. b6 Rb8 33.
Rb1 Ke7 34. g4 Kd6 35. Kg2 Rb7 36. h4 Ke5 37. Rb4 h6 38. Kg3 f5 39. g5 hxg5 40.
hxg5 Kd6 41. Kf4 Kc6 42. Ke5 Rxb6 43. Ra4 Rb7 44. Kd4 Kd6 45. Ra6+ 1/2-1/2

[Event "Hamburg Harburg-ch Gr.G 5th"]
[Site "Hamburg"]
[Date "2007.07.06"]
[Round "1.2"]
[White "Benthin, Thomas"]
[Black "Kunze, Sebastian"]
[Result "1-0"]
[WhiteElo "1608"]
[BlackElo "1817"]
[PlyCount "84"]
[EventDate "2007.07.08"]

1. e4 d6 2. d4 Nf6 3. Nc3 g6 4. Be2 Bg7 5. h4 h5 6. Bg5 c5 7. Nf3 Qb6 8. Bxf6
exf6 9. O-O O-O 10. Nd5 Qd8 11. Bc4 Nc6 12. Nf4 Kh7 13. dxc5 Na5 14. Bd3 dxc5
15. c3 c4 16. Be2 Qe7 17. Qa4 Qxe4 18. Nxh5 gxh5 19. Qxa5 Qxe2 20. Qxh5+ Kg8
21. Rfe1 Qc2 22. Qb5 a6 23. Qxc4 Qxb2 24. h5 Qb5 25. Qh4 Kh7 26. h6 Bh8 27. Re7
Qf5 28. Qc4 Be6 29. Qc7 Kxh6 30. Nd4 Qd5 31. Nxe6 fxe6 32. Qh2+ Kg6 33. Qh7+
Kg5 34. f4+ Kxf4 35. Qh4+ Ke5 36. Qg3+ Kf5 37. Rf1+ Ke4 38. Qf4+ Kd3 39. Rd1+
Kxc3 40. Rc7+ Qc6 41. Qd4+ Kc2 42. Qd3+ Kb2 1-0

[Event "Hamburg Harburg-ch Gr.G 5th"]
[Site "Hamburg"]
[Date "2007.07.06"]
[Round "1.3"]
[White "Bode, Heinrich"]
[Black "Buetow, Ingo"]
[Result "0-1"]
[WhiteElo "1644"]
[BlackElo "1700"]
[PlyCount "80"]
[EventDate "2007.07.08"]
[Source "SK Marmstorf"]
[SourceDate "2007.01.01"]

1. e4 d5 2. exd5 Qxd5 3. Nf3 Bg4 4. Nc3 Qd6 5. d4 Nf6 6. Bc4 e6 7. O-O c6 8.
Be2 Nbd7 9. Re1 Be7 10. Be3 O-O 11. Qd2 Qc7 12. Bf4 Bd6 13. Ne5 Bxe2 14. Rxe2
Nh5 15. g3 Nxf4 16. gxf4 Rad8 17. Ne4 Nxe5 18. fxe5 Bxe5 19. Qg5 Bxh2+ 20. Kh1
Qf4 21. Qg2 Rd5 22. Nd2 Rh5 23. Nf3 Bg3+ 24. Kg1 Bh4 25. Rae1 Bf6 26. Re4 Qh6
27. Nh2 Qd2 28. Ng4 Rg5 29. R1e2 Qd1+ 30. Re1 Qxc2 31. Nxf6+ gxf6 32. Rg4 Rxg4
33. Qxg4+ Kh8 34. Re2 Qd1+ 35. Kh2 Rg8 36. Qf3 Qg1+ 37. Kh3 Rg6 38. Re4 Qf1+
39. Kh2 Rh6+ 40. Kg3 Rh3+ 0-1

[Event "Hamburg Harburg-ch Gr.G 5th"]
[Site "Hamburg"]
[Date "2007.07.07"]
[Round "2.1"]
[White "Dinse, Michael"]
[Black "Buetow, Ingo"]
[Result "0-1"]
[WhiteElo "1624"]
[BlackElo "1700"]
[PlyCount "83"]
[EventDate "2007.07.08"]

1. d4 Nf6 2. c4 g6 3. Nf3 Bg7 4. h3 O-O 5. Bf4 d5 6. e3 c5 7. Bxb8 Rxb8 8. Qa4
Qb6 9. Qb5 Qxb5 10. cxb5 Ne4 11. Nc3 cxd4 12. exd4 Rd8 13. Rd1 e6 14. Bd3 Nd6
15. a4 Bd7 16. O-O Rbc8 17. Na2 Nc4 18. Bxc4 Rxc4 19. Nc3 Rb4 20. Ne5 Rxb2 21.
f4 f6 22. Nxd7 Rxd7 23. Rfe1 Rc7 24. Re2 Rb3 25. Nb1 Kf7 26. Rde1 Re7 27. Re3
Rxe3 28. Rxe3 f5 29. Rd3 Rc7 30. Nd2 Rc1+ 31. Kf2 Ra1 32. Nb3 Rxa4 33. Ke3 Rb4
34. Nc5 Rxb5 35. Rb3 Rxb3+ 36. Nxb3 b6 37. Nc1 Ke7 38. Kd3 Bh6 39. g3 g5 40.
Ne2 gxf4 41. Nxf4 Bxf4 42. gxf4 0-1

[Event "Hamburg Harburg-ch Gr.G 5th"]
[Site "Hamburg"]
[Date "2007.07.07"]
[Round "2.2"]
[White "Kunze, Sebastian"]
[Black "Bode, Heinrich"]
[Result "1-0"]
[WhiteElo "1817"]
[BlackElo "1644"]
[PlyCount "59"]
[EventDate "2007.07.08"]

1. d4 e6 2. Nf3 d5 3. g3 c5 4. c4 Nc6 5. cxd5 exd5 6. dxc5 d4 7. Bd2 Bxc5 8.
Qa4 Qb6 9. b4 Be7 10. b5 Nd8 11. Nxd4 Bf6 12. Bc3 Ne6 13. Nxe6 Bxe6 14. Bg2 Rc8
15. Bxf6 Nxf6 16. Nd2 Nd5 17. Bxd5 Bxd5 18. e4 Qe6 19. O-O Bc4 20. Rfc1 Be2 21.
b6+ Ke7 22. bxa7 Ba6 23. Nb3 Rc4 24. Rxc4 Qxc4 25. Qa3+ Ke6 26. Nc5+ Ke5 27.
Rd1 Rd8 28. Qb2+ Rd4 29. f4+ Kf6 30. Qxd4+ 1-0

[Event "Hamburg Harburg-ch Gr.G 5th"]
[Site "Hamburg"]
[Date "2007.07.07"]
[Round "2.3"]
[White "Juergens, Florian"]
[Black "Benthin, Thomas"]
[Result "1-0"]
[WhiteElo "1854"]
[BlackElo "1608"]
[PlyCount "51"]
[EventDate "2007.07.08"]

1. e4 c6 2. d4 d5 3. e5 Bf5 4. g4 Be4 5. f3 Bg6 6. h4 h5 7. Ne2 hxg4 8. fxg4
Be4 9. Rh2 e6 10. g5 Bf3 11. Qd3 Be4 12. Qd2 Ne7 13. Ng3 Bh7 14. Bd3 Bxd3 15.
Qxd3 g6 16. h5 Nf5 17. Nxf5 exf5 18. Bf4 Be7 19. hxg6 Rxh2 20. gxf7+ Kf8 21.
Bxh2 Bxg5 22. Qxf5 Qe7 23. e6 Nd7 24. Qg6 Bh4+ 25. Kd1 Nf6 26. Qh6# 1-0

[Event "Hamburg Harburg-ch Gr.G 5th"]
[Site "Hamburg"]
[Date "2007.07.07"]
[Round "3.1"]
[White "Benthin, Thomas"]
[Black "Dinse, Michael"]
[Result "0-1"]
[WhiteElo "1608"]
[BlackElo "1624"]
[PlyCount "56"]
[EventDate "2007.07.08"]

1. e4 e6 2. d4 b6 3. Nf3 Bb7 4. Nc3 Bb4 5. Bd3 Nf6 6. e5 Nd5 7. Bd2 Nxc3 8.
bxc3 Be7 9. Qe2 d6 10. Be4 d5 11. Bd3 c5 12. Qd1 Nc6 13. O-O O-O 14. Rb1 c4 15.
Be2 f6 16. Bf4 fxe5 17. Bxe5 Nxe5 18. Nxe5 Bd6 19. Bg4 Rf6 20. Qe2 Qe7 21. Rbe1
Re8 22. Qd2 Bxe5 23. Rxe5 Rh6 24. Rfe1 Qh4 25. Bxe6+ Rexe6 26. Rxe6 Qxh2+ 27.
Kf1 Qh1+ 28. Ke2 Rxe6+ 0-1